Semantic field of "people displacement" in English : a lexicographic description based on English as spoken in Singapore /
Saved in:
| Main Author: | |
|---|---|
| Format: | Thesis Book |
| Language: | English |
| Published: |
1992.
|
| Subjects: | |
| Tags: |
Add Tag
No Tags, Be the first to tag this record!
|
| LEADER | 00853cam a2200241 a 4500 | ||
|---|---|---|---|
| 001 | u332449 | ||
| 003 | SIRSI | ||
| 008 | 930904s1992 si v 00 1 eng m | ||
| 035 | |a ABP-6465 | ||
| 040 | |a UMM | ||
| 043 | |a a-si--- | ||
| 090 | |a PE3502 |b S55Che | ||
| 100 | 1 | 0 | |a Chew, Ping Lin. |
| 245 | 1 | 0 | |a Semantic field of "people displacement" in English : |b a lexicographic description based on English as spoken in Singapore / |c Chew Ping Lin. |
| 260 | |c 1992. | ||
| 300 | |a iv, 115 leaves ; |c 30 cm. | ||
| 502 | |a Dissertation (M.A.) -- National University of Singapore, 1992. | ||
| 504 | |a Bibliography: leaves 107-112. | ||
| 650 | 0 | |a English language |z Singapore |x Usage. | |
| 650 | 0 | |a English language |x Spoken English |z Singapore | |
| 948 | |a 04/09/1993 |b 20/08/2002 | ||
| 596 | |a 1 | ||
| 999 | |a PE3502 S55CHE |w LC |c 1 |i A504465314 |l STACKS |m P01UTAMA |r Y |s Y |t TESIS |u 1/11/1993 | ||
